000 00293nam a22001337a 4500
008 211012b ||||| |||| 00| 0 eng d
041 _aeng
080 _a510
082 _a510
100 _a36
101 _aMAT
245 _aDiscoveries in Modern Mathematics
_cSmith,E.P
942 _2udc
_cBK
999 _c58178
_d58178